| 000 | 00633nam a2200205 4500 | ||
|---|---|---|---|
| 005 | 20150528103259.0 | ||
| 007 | 000 | ||
| 008 | 000 | ||
| 040 | _aUOEL | ||
| 050 |
_aSF207 _b.T7 1981 |
||
| 100 | _aTrail, J.C.M. | ||
| 245 |
_aSahiwal Cattle : _bAn evaluation of their potential contribution to milk and beef production in Africa / _cJ.C.M.Trail and K.E.Gregory |
||
| 260 |
_aAddis Ababa : _bInternational Livestock Centre for Africa , _cc1981. |
||
| 300 |
_aviii,127 p, ; _bill. |
||
| 440 | _aILCA Monograph | ||
| 500 | _aIncludes bibliographical references | ||
| 650 | _aSahiwal Cattle | ||
| 700 | _aGregory, K.E. | ||
| 942 |
_2lcc _cLL |
||
| 999 |
_c8992 _d8992 |
||